A "great issues" format in the american history survey : analysis of a pilot project (Record no. 69581)

MARC details
000 -CABECERA
campo de control de longitud fija 00753nam a2200253 a 4500
005 - FECHA Y HORA DE LA ÚLTIMA TRANSACCIÓN
campo de control 20210219153142.0
008 - ELEMENTOS DE LONGITUD FIJA--INFORMACIÓN GENERAL
campo de control de longitud fija 991125n 000 0 u
035 ## - NÚMERO DE CONTROL DEL SISTEMA
Número de control de sistema UPN01000080572
100 ## - ASIENTO PRINCIPAL--NOMBRE PERSONAL
Nombre de persona Simons, Williams
222 #0 - TÍTULO CLAVE
Título clave TEACHING HISTORY :
Información calificativa A JOURNAL OF METHODS
245 #0 - MENCIÓN DE TÍTULO
Título A "great issues" format in the american history survey : analysis of a pilot project
300 ## - DESCRIPCIÓN FÍSICA
Extensión 51-58
362 ## - FECHAS DE PUBLICACIÓN Y/O DESIGNACIÓN SECUENCIAL
Fecha de publicación y/o designación secuencial 17, No. 2, 1992
505 ## - NOTA DE CONTENIDO CON FORMATO PREESTABLECIDO
Nota de contenido con formato Diciembre 1993
653 0# - TERMINO DE INDIZACION - NO CONTROLADO
Término no controlado DESARROLLO CURRICULAR
653 0# - TERMINO DE INDIZACION - NO CONTROLADO
Término no controlado ENSEÑANZA PROGRAMADA
653 0# - TERMINO DE INDIZACION - NO CONTROLADO
Término no controlado INSTRUCCION DE HISTORIA
653 0# - TERMINO DE INDIZACION - NO CONTROLADO
Término no controlado METODOS DE ENSEÑANZA
653 0# - TERMINO DE INDIZACION - NO CONTROLADO
Término no controlado RECURSOS MATERIALES
653 0# - TERMINO DE INDIZACION - NO CONTROLADO
Término no controlado RECURSOS PRIMARIOS
700 ## - ASIENTO SECUNDARIO--NOMBRE DE PERSONAL
Nombre de persona Lapotin, Armand
904 ## - ELEMENTOS DE DATOS D LOCAL, LDD (RLIN)
a AC
b 018383
905 ## - TIPO DE MATERIAL
Tipo de material Articulo

No items available.